000 00607nam a2200181 u 4500
001 000421502
003 AM-YeHGA
005 20250617133120.0
008 050421s1981 ||| r 000 0 rus d
040 _aAM-YeHGA
041 1 _arus
_hkaz
100 1 _aАбдрахманова, Турсынхан.
245 1 0 _aРаздумья :
_bСтихотворения и поэма : Пер. с каз. /
_cТурсынхан Абдрахманова.
260 _aАлма-Ата :
_bЖалын,
_c1981.
300 _a79 с.
653 0 _aКазахская советская поэзия
090 _c162418
999 _c161014
_d161014